000 00629nam a2200193Ia 4500
001 11458
003 GE_BSU
008 181216s||||||||xx |||||||||||||| ||und||
040 _cGE_BSU
080 _a001.92:63
245 _aმეცნიერება-სოფელს
245 _cრედ:თ.ჯინჯიხაშვილი; მხატვ:ჯ.ყავლაშვილი.
260 _aთბილისი
260 _bსაბჭოთა საქართველო
260 _c1973
300 _a152გვ.20სმ.
653 _aმეცნიერება-სოფელს
942 _cBK
999 _c44655
_d44655